Toutes les communes du Languedoc-Roussillon sur une carte - Statistiques

Statistiques générales
  • Ce quiz a été pris 97 fois
  • Le résultat moyen est 173 sur 1504
Réponses sur la Carte
Les réponses sont colorées sur une échelle allant du rouge au vert en fonction du pourcentage des utilisateurs qui les ont devinées à leur premier essai. Vous pouvez retrouver ces pourcentages ci-dessous.
 
Statistiques - réponses
Département Population Commune % Correct
Pyrénées-Orientales 119 656 Perpignan
93%
Hérault 302 454 Montpellier
90%
Aude 56 123 Narbonne
86%
Aude 46 673 Carcassonne
85%
Gard 148 104 Nîmes
85%
Gard 323 Bez-et-Esparon
83%
Hérault 44 712 Sète
82%
Hérault 80 341 Béziers
78%
Hérault 29 103 Agde
72%
Lozère 12 316 Mende
72%
Aude 500 Castelnau-d'Aude
67%
Hérault 1 215 Castelnau-de-Guers
67%
Hérault 24 888 Castelnau-le-Lez
67%
Gard 485 Castelnau-Valence
67%
Gard 43 892 Alès
65%
Hérault 5 881 Palavas-les-Flots
65%
Pyrénées-Orientales 10 792 Argelès-sur-Mer
63%
Pyrénées-Orientales 2 517 Collioure
58%
Pyrénées-Orientales 6 124 Prades
58%
Hérault 6 107 Prades-le-Lez
58%
Hérault 349 Prades-sur-Vernazobre
58%
Pyrénées-Orientales 1 570 Saint-Jean-Lasseille
58%
Pyrénées-Orientales 2 258 Saint-Jean-Pla-de-Corts
58%
Pyrénées-Orientales 554 Angoustrine-Villeneuve-des-Escaldes
57%
Hérault 23 808 Frontignan
57%
Hérault 8 573 La Grande-Motte
57%
Pyrénées-Orientales 4 784 Sainte-Marie-la-Mer
57%
Aude 263 Saint-Jean-de-Barrou
57%
Hérault 211 Saint-Jean-de-Buèges
57%
Gard 178 Saint-Jean-de-Ceyrargues
57%
Hérault 809 Saint-Jean-de-Cornies
57%
Gard 244 Saint-Jean-de-Crieulon
57%
Hérault 525 Saint-Jean-de-Cuculles
57%
Hérault 1 741 Saint-Jean-de-Fos
57%
Hérault 675 Saint-Jean-de-la-Blaquière
57%
Gard 852 Saint-Jean-de-Maruéjols-et-Avéjan
57%
Hérault 137 Saint-Jean-de-Minervois
57%
Aude 131 Saint-Jean-de-Paracol
57%
Gard 529 Saint-Jean-de-Serres
57%
Gard 599 Saint-Jean-de-Valériscle
57%
Hérault 12 570 Saint-Jean-de-Védas
57%
Gard 2 480 Saint-Jean-du-Gard
57%
Gard 1 544 Saint-Jean-du-Pin
57%
Lozère 136 Saint-Jean-la-Fouillouse
57%
Pyrénées-Orientales 4 270 Villeneuve-de-la-Raho
57%
Aude 1 380 Villeneuve-la-Comptal
57%
Pyrénées-Orientales 1 366 Villeneuve-la-Rivière
57%
Gard 12 617 Villeneuve-lès-Avignon
57%
Hérault 4 098 Villeneuve-lès-Béziers
57%
Aude 251 Villeneuve-les-Corbières
57%
Hérault 10 405 Villeneuve-lès-Maguelone
57%
Aude 335 Villeneuve-lès-Montréal
57%
Aude 955 Villeneuve-Minervois
57%
Pyrénées-Orientales 1 780 Font-Romeu-Odeillo-Via
54%
Hérault 4 488 Lunel-Viel
54%
Aude 1 832 Canet
53%
Hérault 3 570 Canet
53%
Pyrénées-Orientales 12 598 Canet-en-Roussillon
53%
Aude 12 467 Castelnaudary
51%
Aude 851 Leuc
51%
Gard 8 438 Le Grau-du-Roi
49%
Hérault 26 185 Lunel
49%
Pyrénées-Orientales 1 257 Cerbère
47%
Hérault 7 289 Lodève
47%
Pyrénées-Orientales 11 398 Saint-Cyprien
47%
Pyrénées-Orientales 1 027 Saint-Laurent-de-Cerdans
47%
Pyrénées-Orientales 10 010 Saint-Laurent-de-la-Salanque
47%
Pyrénées-Orientales 1 757 Saint-Paul-de-Fenouillet
47%
Gard 8 685 Aigues-Mortes
46%
Lozère 289 Cans et Cévennes
46%
Gard 3 613 Saint-Laurent-d'Aigouze
46%
Gard 517 Saint-Laurent-de-Carnols
46%
Aude 735 Saint-Laurent-de-la-Cabrerisse
46%
Lozère 190 Saint-Laurent-de-Muret
46%
Gard 2 981 Saint-Laurent-des-Arbres
46%
Lozère 37 Saint-Laurent-de-Veyrès
46%
Gard 689 Saint-Laurent-la-Vernède
46%
Gard 368 Saint-Laurent-le-Minier
46%
Lozère 194 Saint-Martin-de-Boubaux
46%
Pyrénées-Orientales 50 Saint-Martin-de-Fenouillet
46%
Lozère 193 Saint-Martin-de-Lansuscle
46%
Hérault 116 Saint-Martin-de-l'Arçon
46%
Hérault 2 759 Saint-Martin-de-Londres
46%
Aude 28 Saint-Martin-des-Puits
46%
Gard 4 603 Saint-Martin-de-Valgalgues
46%
Aude 370 Saint-Martin-de-Villereglan
46%
Aude 1 117 Saint-Martin-Lalande
46%
Aude 212 Saint-Martin-le-Vieil
46%
Aude 24 Saint-Martin-Lys
46%
Gard 8 379 Uzès
46%
Pyrénées-Orientales 7 648 Céret
44%
Aude 4 581 Leucate
44%
Hérault 16 596 Mauguio
44%
Hérault 1 342 Saint-Paul-et-Valmalle
44%
Gard 315 Saint-Paul-la-Coste
44%
Lozère 136 Saint-Paul-le-Froid
44%
Gard 1 038 Saint-Paul-les-Fonts
44%
Pyrénées-Orientales 261 Saint-Pierre-dels-Forcats
44%
Aude 5 131 Gruissan
43%
Aude 11 112 Lézignan-Corbières
43%
Hérault 1 568 Lézignan-la-Cèbe
43%
Aude 10 161 Limoux
43%
Hérault 127 Saint-Pierre-de-la-Fage
43%
Lozère 175 Saint-Pierre-de-Nogaret
43%
Aude 182 Saint-Pierre-des-Champs
43%
Lozère 93 Saint-Pierre-des-Tripiers
43%
Lozère 319 Saint-Pierre-le-Vieux
43%
Aude 194 Festes-et-Saint-André
42%
Hérault 17 544 Lattes
42%
Pyrénées-Orientales 6 049 Le Barcarès
42%
Hérault 7 643 Marseillan
42%
Pyrénées-Orientales 3 400 Saint-André
42%
Lozère 197 Saint-André-Capcèze
42%
Hérault 43 Saint-André-de-Buèges
42%
Lozère 159 Saint-André-de-Lancize
42%
Gard 602 Saint-André-de-Majencoules
42%
Aude 1 377 Saint-André-de-Roquelongue
42%
Gard 591 Saint-André-de-Roquepertuis
42%
Hérault 6 344 Saint-André-de-Sangonis
42%
Gard 354 Saint-André-de-Valborgne
42%
Gard 441 Saint-André-d'Olérargues
42%
Hérault 9 269 Clermont-l'Hérault
40%
Aude 27 Clermont-sur-Lauquet
40%
Pyrénées-Orientales 1 310 Banyuls-dels-Aspres
38%
Pyrénées-Orientales 4 671 Banyuls-sur-Mer
38%
Lozère 2 096 Florac Trois Rivières
38%
Lozère 103 Mas-Saint-Chély
38%
Gard 18 248 Bagnols-sur-Cèze
36%
Pyrénées-Orientales 3 969 Port-Vendres
36%
Pyrénées-Orientales 207 Villefranche-de-Conflent
36%
Gard 3 706 Le Vigan
35%
Aude 5 542 Sigean
35%
Hérault 4 167 Valras-Plage
35%
Hérault 152 Les Rives
33%
Hérault 300 Saint-Étienne-d'Albagnan
33%
Hérault 522 Saint-Étienne-de-Gourgas
33%
Gard 396 Saint-Étienne-de-l'Olm
33%
Gard 539 Saint-Étienne-des-Sorts
33%
Lozère 638 Saint-Étienne-du-Valdonnez
33%
Hérault 254 Saint-Étienne-Estréchoux
33%
Lozère 496 Saint-Étienne-Vallée-Française
33%
Gard 14 264 Saint-Gilles
33%
Hérault 12 783 Juvignac
32%
Gard 1 542 Mus
32%
Aude 5 905 Port-la-Nouvelle
32%
Pyrénées-Orientales 9 428 Elne
31%
Aude 3 141 Quillan
31%
Gard 15 680 Beaucaire
29%
Pyrénées-Orientales 5 321 Le Boulou
29%
Pyrénées-Orientales 539 Les Angles
29%
Aude 29 Pécharic-et-le-Py
29%
Hérault 7 788 Pézenas
29%
Pyrénées-Orientales 79 Py
29%
Pyrénées-Orientales 9 099 Rivesaltes
29%
Gard 11 774 Vauvert
29%
Hérault 5 882 Vias
29%
Lozère 4 738 Marvejols
28%
Hérault 9 561 Pérols
28%
Hérault 244 Saint-Guilhem-le-Désert
28%
Pyrénées-Orientales 3 227 Saint-Hippolyte
28%
Gard 260 Saint-Hippolyte-de-Caton
28%
Gard 250 Saint-Hippolyte-de-Montaigu
28%
Gard 3 747 Saint-Hippolyte-du-Fort
28%
Hérault 58 Saint-Michel
28%
Lozère 229 Saint-Michel-de-Dèze
28%
Aude 481 Saint-Michel-de-Lanès
28%
Pyrénées-Orientales 357 Saint-Michel-de-Llotes
28%
Gard 691 Saint-Michel-d'Euzet
28%
Aude 582 Val-du-Faby
28%
Hérault 6 650 Gignac
26%
Lozère 304 La Fage-Saint-Julien
26%
Hérault 1 655 Laroque
26%
Aude 150 Laroque-de-Fa
26%
Pyrénées-Orientales 2 219 Laroque-des-Albères
26%
Gard 177 La Roque-sur-Cèze
26%
Gard 10 600 Pont-Saint-Esprit
26%
Lozère 4 096 Saint-Chély-d'Apcher
26%
Aude 500 Saint-Denis
26%
Gard 293 Saint-Denis
26%
Lozère 147 Saint-Denis-en-Margeride
26%
Pyrénées-Orientales 11 550 Saint-Estève
26%
Hérault 222 Saint-Julien
26%
Aude 85 Saint-Julien-de-Briola
26%
Gard 726 Saint-Julien-de-Cassagnas
26%
Gard 144 Saint-Julien-de-la-Nef
26%
Gard 1 470 Saint-Julien-de-Peyrolas
26%
Lozère 119 Saint-Julien-des-Points
26%
Gard 3 436 Saint-Julien-les-Rosiers
26%
Gard 1 281 Saint-Nazaire
26%
Pyrénées-Orientales 2 785 Saint-Nazaire
26%
Aude 2 076 Saint-Nazaire-d'Aude
26%
Hérault 321 Saint-Nazaire-de-Ladarez
26%
Hérault 613 Saint-Nazaire-de-Pézan
26%
Gard 84 Saint-Nazaire-des-Gardies
26%
Pyrénées-Orientales 3 752 Salses-le-Château
26%
Pyrénées-Orientales 8 173 Thuir
26%
Aude 550 Aigues-Vives
25%
Gard 3 331 Aigues-Vives
25%
Hérault 467 Aigues-Vives
25%
Pyrénées-Orientales 2 794 Arles-sur-Tech
25%
Gard 8 480 Les Angles
25%
Aude 176 Mas-Cabardès
25%
Hérault 669 Mas-de-Londres
25%
Aude 25 Mas-des-Cours
25%
Aude 929 Mas-Saintes-Puelles
25%
Hérault 12 664 Mèze
25%
Lozère 2 300 Peyre en Aubrac
25%
Pyrénées-Orientales 104 Porté-Puymorens
25%
Hérault 7 044 Vendargues
25%
Pyrénées-Orientales 4 294 Millas
24%
Pyrénées-Orientales 10 733 Pia
24%
Lozère 88 Saint-Gal
24%
Hérault 5 600 Saint-Georges-d'Orques
24%
Aude 713 Saint-Hilaire
24%
Hérault 444 Saint-Hilaire-de-Beauvoir
24%
Gard 4 616 Saint-Hilaire-de-Brethmas
24%
Lozère 99 Saint-Hilaire-de-Lavit
24%
Gard 1 111 Saint-Hilaire-d'Ozilhan
24%
Hérault 4 896 Saint-Mathieu-de-Tréviers
24%
Hérault 753 Saint-Vincent-de-Barbeyrargues
24%
Hérault 356 Saint-Vincent-d'Olargues
24%
Pyrénées-Orientales 877 Tautavel
24%
Aude 5 438 Trèbes
24%
Hérault 2 736 Vendres
24%
Pyrénées-Orientales 10 338 Cabestany
22%
Hérault 6 823 Jacou
22%
Lozère 2 867 Langogne
22%
Hérault 9 295 Le Crès
22%
Hérault 522 Notre-Dame-de-Londres
22%
Aude 51 Saint-Louis-et-Parahou
22%
Gard 5 040 Sommières
22%
Pyrénées-Orientales 3 821 Torreilles
22%
Pyrénées-Orientales 7 334 Toulouges
22%
Hérault 3 416 Vic-la-Gardiole
22%
Gard 571 Vic-le-Fesq
22%
Hérault 7 735 Baillargues
21%
Pyrénées-Orientales 380 Eus
21%
Aude 1 096 Fitou
21%
Pyrénées-Orientales 560 Le Perthus
21%
Gard 350 Saint-Clément
21%
Hérault 5 058 Saint-Clément-de-Rivière
21%
Hérault 8 123 Sérignan
21%
Pyrénées-Orientales 348 Ur
21%
Pyrénées-Orientales 3 565 Amélie-les-Bains-Palalda
19%
Hérault 7 073 Balaruc-les-Bains
19%
Hérault 2 719 Balaruc-le-Vieux
19%
Pyrénées-Orientales 1 204 Bourg-Madame
19%
Aude 3 713 Fleury
19%
Hérault 6 565 Gigean
19%
Gard 8 467 Marguerittes
19%
Hérault 8 221 Pignan
19%
Hérault 10 537 Saint-Gély-du-Fesc
19%
Lozère 470 Saint-Germain-de-Calberte
19%
Lozère 858 Saint-Germain-du-Teil
19%
Gard 875 Saint-Marcel-de-Careiret
19%
Aude 2 028 Saint-Marcel-sur-Aude
19%
Aude 782 Bages
18%
Pyrénées-Orientales 4 482 Bages
18%
Aude 5 785 Coursan
18%
Aude 113 Cucugnan
18%
Aude 146 Escueillens-et-Saint-Just-de-Bélengard
18%
Hérault 3 984 Ganges
18%
Pyrénées-Orientales 3 221 Latour-Bas-Elne
18%
Lozère 206 Luc
18%
Aude 244 Luc-sur-Aude
18%
Aude 1 132 Luc-sur-Orbieu
18%
Aude 1 980 Montréal
18%
Aude 83 Roquefort-de-Sault
18%
Aude 1 005 Roquefort-des-Corbières
18%
Lozère 256 Saint Bonnet-Laval
18%
Pyrénées-Orientales 2 911 Saint-Génis-des-Fontaines
18%
Hérault 3 282 Saint-Just
18%
Aude 51 Saint-Just-et-le-Bézu
18%
Gard 323 Saint-Just-et-Vacquières
18%
Gard 758 Saint-Maurice-de-Cazevieille
18%
Hérault 182 Saint-Maurice-Navacelles
18%
Pyrénées-Orientales 3 619 Alénya
17%
Gard 3 324 Anduze
17%
Pyrénées-Orientales 3 327 Baho
17%
Pyrénées-Orientales 7 619 Bompas
17%
Hérault 6 523 Castries
17%
Pyrénées-Orientales 531 Corneilla-de-Conflent
17%
Pyrénées-Orientales 2 561 Corneilla-del-Vercol
17%
Pyrénées-Orientales 2 022 Corneilla-la-Rivière
17%
Hérault 7 197 Fabrègues
17%
Pyrénées-Orientales 92 Fenouillet
17%
Aude 77 Fenouillet-du-Razès
17%
Hérault 128 Fos
17%
Lozère 901 Gorges du Tarn Causses
17%
Pyrénées-Orientales 461 Latour-de-Carol
17%
Pyrénées-Orientales 7 846 Le Soler
17%
Hérault 3 302 Mireval
17%
Aude 185 Mireval-Lauragais
17%
Pyrénées-Orientales 147 Mont-Louis
17%
Aude 1 322 Portel-des-Corbières
17%
Hérault 33 Saint-Félix-de-l'Héras
17%
Hérault 1 149 Saint-Félix-de-Lodez
17%
Gard 207 Saint-Félix-de-Pallières
17%
Gard 3 046 Saint-Quentin-la-Poterie
17%
Gard 216 Saint-Sauveur-Camprieu
17%
Lozère 59 Saint-Sauveur-de-Ginestoux
17%
Gard 1 773 Vers-Pont-du-Gard
17%
Gard 5 749 Aimargues
15%
Hérault 2 943 Aniane
15%
Gard 6 192 Bouillargues
15%
Pyrénées-Orientales 6 534 Canohès
15%
Lozère 523 Châteauneuf-de-Randon
15%
Aude 29 Corbières
15%
Aude 4 044 Cuxac-d'Aude
15%
Pyrénées-Orientales 5 538 Ille-sur-Têt
15%
Pyrénées-Orientales 65 La Bastide
15%
Lozère 170 La Bastide-Puylaurent
15%
Lozère 2 099 La Canourgue
15%
Hérault 1 121 La Salvetat-sur-Agout
15%
Lozère 98 Laval-du-Tarn
15%
Gard 1 096 Laval-Pradel
15%
Gard 213 Laval-Saint-Roman
15%
Hérault 465 Le Caylar
15%
Pyrénées-Orientales 113 Porta
15%
Hérault 6 283 Poussan
15%
Pyrénées-Orientales 162 Sainte-Colombe-de-la-Commanderie
15%
Aude 3 251 Salles-d'Aude
15%
Aude 715 Salles-sur-l'Hers
15%
Gard 5 621 Vergèze
15%
Pyrénées-Orientales 1 445 Vernet-les-Bains
15%
Aude 299 Villelongue-d'Aude
15%
Pyrénées-Orientales 3 301 Villelongue-de-la-Salanque
15%
Pyrénées-Orientales 1 858 Villelongue-dels-Monts
15%
Hérault 215 Viols-en-Laval
15%
Hérault 1 226 Viols-le-Fort
15%
Hérault 5 778 Bédarieux
14%
Hérault 5 572 Bessan
14%
Aude 3 226 Bram
14%
Aude 1 473 Capendu
14%
Pyrénées-Orientales 4 681 Claira
14%
Gard 2 458 Codognan
14%
Aude 116 Coustouge
14%
Pyrénées-Orientales 626 Enveitg
14%
Pyrénées-Orientales 202 Espira-de-Conflent
14%
Pyrénées-Orientales 3 532 Espira-de-l'Agly
14%
Pyrénées-Orientales 2 087 Estagel
14%
Pyrénées-Orientales 146 Eyne
14%
Pyrénées-Orientales 496 Formiguères
14%
Gard 2 719 Fourques
14%
Pyrénées-Orientales 1 316 Fourques
14%
Hérault 8 973 Grabels
14%
Aude 1 712 La Palme
14%
Pyrénées-Orientales 1 043 Latour-de-France
14%
Pyrénées-Orientales 98 Le Tech
14%
Pyrénées-Orientales 161 Llo
14%
Pyrénées-Orientales 785 Maury
14%
Gard 216 Montagnac
14%
Hérault 4 436 Montagnac
14%
Aude 2 554 Ouveillan
14%
Aude 525 Paziols
14%
Aude 75 Pech-Luna
14%
Hérault 3 247 Portiragnes
14%
Pyrénées-Orientales 1 134 Prats-de-Mollo-la-Preste
14%
Gard 3 373 Quissac
14%
Pyrénées-Orientales 1 324 Ria-Sirach
14%
Aude 107 Saint-Benoît
14%
Gard 160 Saint-Christol-de-Rodières
14%
Gard 7 115 Saint-Christol-lez-Alès
14%
Aude 45 Sainte-Colombe-sur-Guette
14%
Aude 438 Sainte-Colombe-sur-l'Hers
14%
Gard 2 010 Saint-Geniès-de-Comolas
14%
Hérault 1 682 Saint-Geniès-de-Fontedit
14%
Gard 3 120 Saint-Geniès-de-Malgoirès
14%
Hérault 2 077 Saint-Geniès-des-Mourgues
14%
Hérault 216 Saint-Geniès-de-Varensal
14%
Pyrénées-Orientales 2 171 Théza
14%
Aude 2 662 Vinassan
14%
Pyrénées-Orientales 2 156 Vinça
14%
Hérault 970 Argelliers
13%
Pyrénées-Orientales 2 727 Baixas
13%
Hérault 3 452 Boujan-sur-Libron
13%
Lozère 2 078 Bourgs sur Colagne
13%
Hérault 1 626 Bouzigues
13%
Gard 6 105 Calvisson
13%
Hérault 3 318 Capestang
13%
Pyrénées-Orientales 286 Castelnou
13%
Hérault 429 Causse-de-la-Selle
13%
Hérault 6 654 Cournonterral
13%
Gard 3 592 Gallargues-le-Montueux
13%
Gard 4 025 Générac
13%
Gard 203 La Bastide-d'Engras
13%
Aude 90 Labastide-en-Val
13%
Aude 61 Labastide-Esparbairenque
13%
Pyrénées-Orientales 55 Lamanère
13%
Gard 2 517 Le Cailar
13%
Aude 241 Loupia
13%
Pyrénées-Orientales 573 Marquixanes
13%
Hérault 6 587 Marsillargues
13%
Hérault 99 Minerve
13%
Pyrénées-Orientales 248 Molitg-les-Bains
13%
Gard 1 765 Mons
13%
Hérault 663 Mons
13%
Hérault 75 Montesquieu
13%
Pyrénées-Orientales 1 273 Montesquieu-des-Albères
13%
Lozère 1 085 Mont Lozère et Goulet
13%
Hérault 3 077 Murviel-lès-Béziers
13%
Hérault 1 930 Murviel-lès-Montpellier
13%
Lozère 371 Naussac-Fontanes
13%
Pyrénées-Orientales 342 Olette
13%
Pyrénées-Orientales 344 Oms
13%
Pyrénées-Orientales 1 202 Opoul-Périllos
13%
Pyrénées-Orientales 1 690 Peyrestortes
13%
Pyrénées-Orientales 5 402 Pollestres
13%
Pyrénées-Orientales 1 173 Saillagouse
13%
Hérault 922 Saint-Bauzille-de-la-Sylve
13%
Hérault 1 178 Saint-Bauzille-de-Montmel
13%
Hérault 1 911 Saint-Bauzille-de-Putois
13%
Hérault 2 882 Saint-Drézéry
13%
Pyrénées-Orientales 1 231 Saint-Féliu-d'Amont
13%
Pyrénées-Orientales 2 918 Saint-Féliu-d'Avall
13%
Hérault 436 Saint-Privat
13%
Gard 347 Saint-Privat-de-Champclos
13%
Gard 5 482 Saint-Privat-des-Vieux
13%
Lozère 223 Saint-Privat-de-Vallongue
13%
Lozère 111 Saint-Privat-du-Fau
13%
Pyrénées-Orientales 5 671 Saleilles
13%
Hérault 5 459 Sauvian
13%
Pyrénées-Orientales 235 Serralongue
13%
Pyrénées-Orientales 549 Vingrau
13%
Aude 2 155 Argeliers
11%
Aude 1 495 Armissan
11%
Pyrénées-Orientales 121 Baillestavy
11%
Gard 1 611 Barjac
11%
Lozère 773 Barjac
11%
Aude 1 754 Bizanet
11%
Pyrénées-Orientales 808 Bolquère
11%
Aude 240 Bugarach
11%
Pyrénées-Orientales 969 Cases-de-Pène
11%
Pyrénées-Orientales 142 Casteil
11%
Pyrénées-Orientales 743 Catllar
11%
Pyrénées-Orientales 18 Caudiès-de-Conflent
11%
Pyrénées-Orientales 589 Caudiès-de-Fenouillèdes
11%
Gard 4 351 Caveirac
11%
Aude 1 640 Cazilhac
11%
Hérault 1 566 Cazilhac
11%
Hérault 406 Cazouls-d'Hérault
11%
Hérault 5 146 Cazouls-lès-Béziers
11%
Hérault 5 811 Clapiers
11%
Hérault 3 550 Cournonsec
11%
Pyrénées-Orientales 418 Égat
11%
Pyrénées-Orientales 699 Err
11%
Aude 110 Feuilla
11%
Hérault 5 022 Florensac
11%
Gard 5 106 Garons
11%
Gard 4 891 La Grand-Combe
11%
Aude 544 Lagrasse
11%
Pyrénées-Orientales 218 La Llagonne
11%
Hérault 3 107 Lansargues
11%
Hérault 3 312 Lavérune
11%
Hérault 328 Le Pradal
11%
Aude 307 Les Cassés
11%
Hérault 3 325 Lespignan
11%
Hérault 336 Lieuran-Cabrières
11%
Pyrénées-Orientales 2 762 Maureillas-las-Illas
11%
Gard 5 987 Milhaud
11%
Pyrénées-Orientales 331 Montner
11%
Pyrénées-Orientales 316 Mosset
11%
Hérault 4 049 Nissan-lez-Enserune
11%
Hérault 550 Olargues
11%
Pyrénées-Orientales 412 Palau-de-Cerdagne
11%
Pyrénées-Orientales 3 135 Palau-del-Vidre
11%
Pyrénées-Orientales 38 Pézilla-de-Conflent
11%
Pyrénées-Orientales 3 942 Pézilla-la-Rivière
11%
Pyrénées-Orientales 59 Puyvalador
11%
Pyrénées-Orientales 69 Réal
11%
Aude 91 Rennes-le-Château
11%
Aude 197 Rennes-les-Bains
11%
Gard 3 361 Saint-Ambroix
11%
Pyrénées-Orientales 123 Sainte-Léocadie
11%
Hérault 635 Saint-Pons-de-Mauchiens
11%
Hérault 1 735 Saint-Pons-de-Thomières
11%
Gard 484 Saint-Pons-la-Calm
11%
Gard 508 Saint-Sébastien-d'Aigrefeuille
11%
Aude 121 Sallèles-Cabardès
11%
Aude 3 039 Sallèles-d'Aude
11%
Pyrénées-Orientales 3 448 Sorède
11%
Pyrénées-Orientales 195 Targassonne
11%
Pyrénées-Orientales 326 Taurinya
11%
Aude 790 Tuchan
11%
Pyrénées-Orientales 47 Urbanya
11%
Aude 737 Val-de-Dagne
11%
Pyrénées-Orientales 34 Valmanya
11%
Aude 4 501 Villemoustaussou
11%
Pyrénées-Orientales 27 Vira
11%
Aude 388 Alet-les-Bains
10%
Pyrénées-Orientales 40 Ayguatébia-Talau
10%
Lozère 200 Barre-des-Cévennes
10%
Gard 7 740 Bellegarde
10%
Aude 247 Bellegarde-du-Razès
10%
Aude 1 243 Bize-Minervois
10%
Gard 1 746 Cabrières
10%
Hérault 551 Cabrières
10%
Pyrénées-Orientales 133 Caixas
10%
Aude 19 Campagna-de-Sault
10%
Hérault 305 Campagne
10%
Aude 606 Campagne-sur-Aude
10%
Pyrénées-Orientales 131 Caramany
10%
Pyrénées-Orientales 283 Cassagnes
10%
Pyrénées-Orientales 778 Corbère
10%
Pyrénées-Orientales 1 098 Corbère-les-Cabanes
10%
Pyrénées-Orientales 173 Dorres
10%
Aude 148 Duilhac-sous-Peyrepertuse
10%
Pyrénées-Orientales 467 Estavar
10%
Pyrénées-Orientales 144 Estoher
10%
Pyrénées-Orientales 202 Fillols
10%
Pyrénées-Orientales 120 Fontpédrouse
10%
Pyrénées-Orientales 131 Fontrabiouse
10%
Aude 56 Jonquières
10%
Hérault 558 Jonquières
10%
Gard 3 851 Jonquières-Saint-Vincent
10%
Pyrénées-Orientales 696 La Cabanasse
10%
Pyrénées-Orientales 66 L'Albère
10%
Gard 2 265 Langlade
10%
Hérault 1 324 La Tour-sur-Orb
10%
Aude 1 013 Laure-Minervois
10%
Aude 48 Le Bousquet
10%
Hérault 1 584 Le Bousquet-d'Orb
10%
Hérault 2 195 Loupian
10%
Pyrénées-Orientales 33 Mantet
10%
Aude 702 Marseillette
10%
Pyrénées-Orientales 278 Matemale
10%
Pyrénées-Orientales 155 Montalba-le-Château
10%
Hérault 4 164 Montarnaud
10%
Hérault 2 854 Montblanc
10%
Lozère 570 Nasbinals
10%
Pyrénées-Orientales 1 343 Néfiach
10%
Pyrénées-Orientales 60 Nohèdes
10%
Hérault 1 687 Olonzac
10%
Pyrénées-Orientales 26 Oreilla
10%
Pyrénées-Orientales 1 798 Ortaffa
10%
Pyrénées-Orientales 1 372 Osséja
10%
Pyrénées-Orientales 1 039 Passa
10%
Hérault 3 020 Puisserguier
10%
Pyrénées-Orientales 23 Railleu
10%
Gard 4 181 Redessan
10%
Gard 2 260 Remoulins
10%
Pyrénées-Orientales 399 Sahorre
10%
Aude 60 Saint-Amans
10%
Hérault 4 136 Saint-Aunès
10%
Lozère 71 Saint-Bonnet-de-Chirac
10%
Gard 120 Saint-Bonnet-de-Salendrinque
10%
Gard 833 Saint-Bonnet-du-Gard
10%
Hérault 1 740 Saint-Chinian
10%
Gard 105 Sainte-Croix-de-Caderle
10%
Hérault 955 Sainte-Croix-de-Quintillargues
10%
Lozère 294 Sainte-Croix-Vallée-Française
10%
Aude 518 Sainte-Eulalie
10%
Lozère 36 Sainte-Eulalie
10%
Lozère 192 Saint-Léger-de-Peyre
10%
Lozère 209 Saint-Léger-du-Malzieu
10%
Hérault 1 783 Saussan
10%
Pyrénées-Orientales 98 Sauto
10%
Hérault 5 337 Servian
10%
Pyrénées-Orientales 486 Sournia
10%
Pyrénées-Orientales 31 Thuès-Entre-Valls
10%
Pyrénées-Orientales 2 257 Trouillas
10%
Pyrénées-Orientales 35 Valcebollère
10%
Gard 1 418 Val-d'Aigoual
10%
Aude 85 Villefort
10%
Lozère 594 Villefort
10%
Aude 1 260 Villepinte
10%
Aude 370 Villesèque-des-Corbières
10%
Pyrénées-Orientales 128 Arboussols
8%
Gard 2 958 Aubais
8%
Gard 2 339 Aubord
8%
Aude 513 Axat
8%
Gard 5 581 Beauvoisin
8%
Pyrénées-Orientales 212 Bélesta
8%
Gard 3 397 Bernis
8%
Aude 104 Bouisse
8%
Gard 4 097 Caissargues
8%
Pyrénées-Orientales 220 Calce
8%
Hérault 2 107 Candillargues
8%
Lozère 125 Cassagnas
8%
Aude 1 601 Caunes-Minervois
8%
Hérault 2 535 Cers
8%
Lozère 1 437 Chanac
8%
Hérault 2 668 Colombiers
8%
Pyrénées-Orientales 244 Corsavy
8%
Pyrénées-Orientales 90 Coustouges
8%
Aude 651 Durban-Corbières
8%
Hérault 2 160 Entre-Vignes
8%
Aude 1 256 Fabrezan
8%
Pyrénées-Orientales 41 Fosse
8%
Aude 105 Fraisse-Cabardès
8%
Aude 212 Fraissé-des-Corbières
8%
Hérault 339 Fraisse-sur-Agout
8%
Pyrénées-Orientales 434 Fuilla
8%
Gard 822 Génolhac
8%
Pyrénées-Orientales 19 Glorianes
8%
Aude 597 Homps
8%
Pyrénées-Orientales 43 Jujols
8%
Aude 293 La Digne-d'Amont
8%
Aude 527 La Digne-d'Aval
8%
Hérault 2 454 Lamalou-les-Bains
8%
Gard 339 Lanuéjols
8%
Lozère 352 Lanuéjols
8%
Gard 1 502 Lédignan
8%
Lozère 497 Le Malzieu-Forain
8%
Lozère 741 Le Malzieu-Ville
8%
Pyrénées-Orientales 2 140 Llupia
8%
Hérault 4 671 Maraussan
8%
Hérault 4 005 Montady
8%
Pyrénées-Orientales 1 612 Montescot
8%
Aude 2 041 Moussan
8%
Aude 707 Moux
8%
Aude 1 277 Névian
8%
Hérault 4 031 Paulhan
8%
Lozère 545 Pont de Montvert - Sud Mont Lozère
8%
Pyrénées-Orientales 161 Rasiguères
8%
Aude 85 Rieux-en-Val
8%
Aude 1 937 Rieux-Minervois
8%
Lozère 1 377 Saint-Alban-sur-Limagnole
8%
Gard 1 925 Sauve
8%
Pyrénées-Orientales 228 Serdinya
8%
Pyrénées-Orientales 59 Taulis
8%
Aude 47 Termes
8%
Lozère 222 Termes
8%
Aude 554 Thézan-des-Corbières
8%
Hérault 3 062 Thézan-lès-Béziers
8%
Gard 4 761 Uchaud
8%
Gard 1 836 Vézénobres
8%
Aude 24 Villar-en-Val
8%
Aude 125 Villar-Saint-Anselme
8%
Pyrénées-Orientales 1 323 Villemolaque
8%
Hérault 3 934 Villeveyrac
8%
Pyrénées-Orientales 173 Vivès
8%
Gard 173 Alzon
7%
Pyrénées-Orientales 167 Ansignan
7%
Aude 467 Aragon
7%
Hérault 288 Avène
7%
Hérault 2 213 Beaulieu
7%
Lozère 547 Bel-Air-Val-d'Ance
7%
Gard 2 328 Bezouce
7%
Pyrénées-Orientales 61 Boule-d'Amont
7%
Pyrénées-Orientales 955 Bouleternère
7%
Aude 722 Boutenac
7%
Pyrénées-Orientales 1 581 Brouilla
7%
Pyrénées-Orientales 115 Campôme
7%
Pyrénées-Orientales 41 Campoussy
7%
Pyrénées-Orientales 33 Canaveilles
7%
Gard 584 Cannes-et-Clairan
7%
Hérault 225 Castanet-le-Haut
7%
Hérault 229 Cazevieille
7%
Pyrénées-Orientales 266 Clara-Villerach
7%
Pyrénées-Orientales 357 Codalet
7%
Hérault 1 909 Combaillaux
7%
Aude 2 585 Conques-sur-Orbiel
7%
Aude 1 122 Couiza
7%
Aude 1 712 Espéraza
7%
Pyrénées-Orientales 61 Feilluns
7%
Aude 1 256 Ferrals-les-Corbières
7%
Hérault 150 Ferrals-les-Montagnes
7%
Hérault 47 Ferrières-les-Verreries
7%
Hérault 59 Ferrières-Poussarou
7%
Gard 1 734 Fons
7%
Gard 233 Fons-sur-Lussan
7%
Gard 685 Fontanès
7%
Hérault 353 Fontanès
7%
Aude 5 Fontanès-de-Sault
7%
Aude 131 Fontjoncouse
7%
Gard 748 Garrigues-Sainte-Eulalie
7%
Gard 696 Générargues
7%
Pyrénées-Orientales 367 Joch
7%
Gard 2 516 La Calmette
7%
Hérault 308 Lacoste
7%
Gard 1 129 Lasalle
7%
Aude 1 517 Lavalette
7%
Hérault 54 Lavalette
7%
Hérault 954 Le Poujol-sur-Orb
7%
Pyrénées-Orientales 233 Les Cluses
7%
Gard 287 Les Plans
7%
Hérault 305 Les Plans
7%
Pyrénées-Orientales 67 Le Vivier
7%
Hérault 3 224 Lignan-sur-Orb
7%
Pyrénées-Orientales 317 Llauro
7%
Pyrénées-Orientales 976 Los Masos
7%
Gard 517 Lussan
7%
Gard 7 109 Manduel
7%
Lozère 784 Meyrueis
7%
Pyrénées-Orientales 177 Montbolo
7%
Pyrénées-Orientales 206 Montferrer
7%
Hérault 4 054 Montferrier-sur-Lez
7%
Aude 833 Montolieu
7%
Hérault 176 Montoulieu
7%
Aude 1 482 Montredon-des-Corbières
7%
Hérault 204 Mourèze
7%
Pyrénées-Orientales 76 Nahuja
7%
Pyrénées-Orientales 152 Nyer
7%
Aude 2 496 Palaja
7%
Aude 2 714 Pennautier
7%
Pyrénées-Orientales 55 Planès
7%
Pyrénées-Orientales 93 Planèzes
7%
Pyrénées-Orientales 2 922 Ponteilla
7%
Gard 327 Portes
7%
Gard 4 237 Poulx
7%
Aude 148 Pradelles-Cabardès
7%
Pyrénées-Orientales 105 Prugnanes
7%
Pyrénées-Orientales 47 Prunet-et-Belpuig
7%
Aude 263 Puilaurens
7%
Hérault 1 791 Quarante
7%
Aude 48 Quintillan
7%
Pyrénées-Orientales 89 Rabouillet
7%
Pyrénées-Orientales 1 244 Reynès
7%
Pyrénées-Orientales 703 Rigarda
7%
Gard 415 Rivières
7%
Pyrénées-Orientales 677 Rodès
7%
Gard 2 821 Rodilhan
7%
Aude 453 Rouffiac-d'Aude
7%
Aude 76 Rouffiac-des-Corbières
7%
Pyrénées-Orientales 104 Saint-Arnac
7%
Gard 666 Saint-Brès
7%
Hérault 3 378 Saint-Brès
7%
Gard 550 Sainte-Cécile-d'Andorge
7%
Gard 1 188 Saint-Florent-sur-Auzonnet
7%
Gard 1 629 Saint-Mamert-du-Gard
7%
Pyrénées-Orientales 70 Saint-Marsal
7%
Hérault 2 963 Saint-Thibéry
7%
Gard 836 Saint-Victor-de-Malcap
7%
Gard 316 Saint-Victor-des-Oules
7%
Gard 2 205 Saint-Victor-la-Coste
7%
Pyrénées-Orientales 27 Sansa
7%
Pyrénées-Orientales 34 Souanyas
7%
Hérault 943 Soubès
7%
Pyrénées-Orientales 44 Tarerach
7%
Pyrénées-Orientales 782 Terrats
7%
Hérault 4 685 Teyran
7%
Hérault 269 Vieussan
7%
Aude 157 Villerouge-Termenès
7%
Hérault 1 628 Villetelle
7%
Aude 1 338 Alairac
6%
Aude 355 Argens-Minervois
6%
Aude 261 Arques
6%
Hérault 1 455 Assas
6%
Aude 35 Auriac
6%
Gard 1 063 Avèze
6%
Gard 2 577 Bagard
6%
Aude 793 Barbaira
6%
Aude 376 Belcaire
6%
Aude 114 Belflou
6%
Aude 1 339 Belpech
6%
Aude 853 Belvèze-du-Razès
6%
Gard 2 695 Bessèges
6%
Gard 126 Blandas
6%
Lozère 387 Brenoux
6%
Pyrénées-Orientales 457 Camélas
6%
Aude 104 Camurac
6%
Aude 223 Cascastel-des-Corbières
6%
Hérault 2 640 Caux
6%
Aude 1 005 Caux-et-Sauzens
6%
Aude 960 Cavanac
6%
Aude 897 Caves
6%
Hérault 27 Celles
6%
Hérault 2 373 Cessenon-sur-Orb
6%
Aude 1 139 Chalabre
6%
Gard 4 280 Clarensac
6%
Hérault 1 695 Claret
6%
Pyrénées-Orientales 61 Conat
6%
Gard 1 645 Congénies
6%
Hérault 953 Cruzy
6%
Lozère 192 Cubières
6%
Aude 83 Cubières-sur-Cinoble
6%
Aude 916 Cuxac-Cabardès
6%
Hérault 149 Dio-et-Valquières
6%
Pyrénées-Orientales 119 Escaro
6%
Aude 71 Escouloubre
6%
Pyrénées-Orientales 201 Finestret
6%
Aude 559 Fontcouverte
6%
Aude 297 Gaja-et-Villedieu
6%
Aude 137 Gaja-la-Selve
6%
Hérault 231 Garrigues
6%
Gard 1 116 Goudargues
6%
Hérault 1 525 Hérépian
6%
Aude 479 Issel
6%
Gard 415 La Capelle-et-Masmolène
6%
Aude 1 243 La Redorte
6%
Hérault 1 376 Le Bosc
6%
Hérault 57 Le Cros
6%
Hérault 257 Le Puech
6%
Hérault 2 047 Les Matelles
6%
Aude 134 Lespinassière
6%
Pyrénées-Orientales 141 Lesquerde
6%
Gard 2 455 Les Salles-du-Gardon
6%
Hérault 3 478 Magalas
6%
Aude 1 309 Marcorignan
6%
Aude 27 Massac
6%
Lozère 936 Massegros Causses Gorges
6%
Gard 669 Massillargues-Attuech
6%
Hérault 2 376 Maureilhan
6%
Gard 732 Méjannes-le-Clap
6%
Gard 1 218 Méjannes-lès-Alès
6%
Gard 908 Molières-Cavaillac
6%
Gard 1 197 Molières-sur-Cèze
6%
Gard 774 Monoblet
6%
Hérault 1 033 Montaud
6%
Aude 81 Montauriol
6%
Pyrénées-Orientales 251 Montauriol
6%
Hérault 2 928 Montbazin
6%
Aude 339 Montbrun-des-Corbières
6%
Gard 188 Montdardier
6%
Aude 625 Montferrand
6%
Aude 109 Mouthoumet
6%
Hérault 2 894 Mudaison
6%
Hérault 352 Murles
6%
Gard 302 Navacelles
6%
Hérault 518 Octon
6%
Aude 1 143 Peyriac-de-Mer
6%
Aude 1 177 Peyriac-Minervois
6%
Hérault 2 004 Pinet
6%
Hérault 2 148 Pomérols
6%
Gard 929 Pompignan
6%
Pyrénées-Orientales 78 Prats-de-Sournia
6%
Aude 1 186 Puichéric
6%
Aude 436 Puivert
6%
Aude 267 Ribaute
6%
Gard 2 057 Ribaute-les-Tavernes
6%
Gard 7 921 Rochefort-du-Gard
6%
Hérault 604 Roquebrun
6%
Gard 5 526 Roquemaure
6%
Gard 2 004 Saint-Chaptes
6%
Gard 795 Saint-Côme-et-Maruéjols
6%
Gard 187 Saint-Martial
6%
Aude 204 Saint-Paulet
6%
Gard 1 858 Saint-Paulet-de-Caisson
6%
Gard 161 Saint-Roman-de-Codières
6%
Aude 919 Saissac
6%
Hérault 328 Salasc
6%
Aude 81 Serres
6%
Hérault 221 Soumont
6%
Gard 1 291 Sumène
6%
Pyrénées-Orientales 105 Taillet
6%
Aude 467 Talairan
6%
Pyrénées-Orientales 184 Tordères
6%
Aude 268 Tournissan
6%
Pyrénées-Orientales 1 155 Tresserre
6%
Gard 110 Trèves
6%
Pyrénées-Orientales 174 Trévillach
6%
Pyrénées-Orientales 76 Trilla
6%
Hérault 2 647 Vailhauquès
6%
Hérault 2 107 Valergues
6%
Aude 955 Ventenac-Cabardès
6%
Aude 575 Ventenac-en-Minervois
6%
Lozère 438 Vialas
6%
Aude 247 Villemagne
6%
Hérault 421 Villemagne-l'Argentière
6%
Aude 899 Villesèquelande
6%
Hérault 1 324 Adissan
4%
Aude 1 592 Alzonne
4%
Gard 1 046 Arpaillargues-et-Aureillac
4%
Aude 80 Arquettes-en-Val
4%
Hérault 501 Aumes
4%
Aude 62 Aunat
4%
Aude 1 123 Azille
4%
Aude 308 Bagnoles
4%
Lozère 567 Balsièges
4%
Lozère 1 072 Banassac-Canilhac
4%
Hérault 2 287 Bassan
4%
Aude 21 Belfort-sur-Rebenty
4%
Aude 161 Belvis
4%
Hérault 2 153 Boisseron
4%
Hérault 39 Boisset
4%
Gard 2 591 Boisset-et-Gaujac
4%
Gard 368 Bourdic
4%
Gard 738 Brignon
4%
Aude 340 Brousses-et-Villaret
4%
Aude 167 Cabrespine
4%
Aude 28 Cahuzac
4%
Aude 50 Cailla
4%
Pyrénées-Orientales 60 Calmeilles
4%
Aude 51 Camps-sur-l'Agly
4%
Pyrénées-Orientales 43 Casefabre
4%
Gard 430 Cassagnoles
4%
Hérault 110 Cassagnoles
4%
Aude 134 Castans
4%
Gard 1 676 Castillon-du-Gard
4%
Hérault 625 Causses-et-Veyran
4%
Hérault 634 Cébazan
4%
Aude 408 Cenne-Monestiés
4%
Gard 971 Chusclan
4%
Aude 91 Citou
4%
Aude 32 Comus
4%
Gard 621 Corconne
4%
Aude 52 Counozouls
4%
Hérault 616 Courniou
4%
Gard 246 Cros
4%
Aude 114 Davejean
4%
Gard 537 Dions
4%
Aude 771 Douzens
4%
Gard 753 Durfort-et-Saint-Martin-de-Sossenac
4%
Aude 152 Embres-et-Castelmaure
4%
Aude 229 Espezel
4%
Gard 472 Euzet
4%
Hérault 494 Félines-Minervois
4%
Aude 129 Félines-Termenès
4%
Hérault 756 Galargues
4%
Aude 1 515 Ginestas
4%
Lozère 898 Ispagnac
4%
Gard 1 178 Junas
4%
Aude 12 La Fajolle
4%
Aude 250 La Force
4%
Pyrénées-Orientales 91 Lansac
4%
Aude 783 Lasbordes
4%
Aude 95 La Serpent
4%
Aude 155 Lastours
4%
Gard 6 511 Laudun-l'Ardoise
4%
Lozère 681 Le Collet-de-Dèze
4%
Lozère 174 Le Pompidou
4%
Hérault 128 Le Soulié
4%
Gard 239 Les Plantiers
4%
Gard 1 557 Lézan
4%
Aude 47 Maisons
4%
Gard 379 Mandagout
4%
Lozère 46 Marchastel
4%
Gard 269 Maruéjols-lès-Gardon
4%
Aude 32 Mérial
4%
Gard 626 Mialet
4%
Hérault 246 Montels
4%
Aude 90 Montfort-sur-Boulzane
4%
Gard 3 129 Montfrin
4%
Aude 38 Montgaillard
4%
Hérault 221 Montouliers
4%
Hérault 1 386 Montpeyroux
4%
Aude 234 Monze
4%
Gard 1 563 Moussac
4%
Hérault 1 512 Nébian
4%
Hérault 1 762 Nézignan-l'Évêque
4%
Aude 41 Niort-de-Sault
4%
Gard 1 194 Orsan
4%
Hérault 263 Oupia
4%
Aude 698 Paraza
4%
Hérault 173 Pardailhan
4%
Aude 205 Payra-sur-l'Hers
4%
Lozère 232 Pelouse
4%
Aude 53 Peyrefitte-du-Razès
4%
Aude 78 Peyrefitte-sur-l'Hers
4%
Aude 1 584 Pezens
4%
Hérault 957 Pouzols
4%
Aude 576 Pouzols-Minervois
4%
Hérault 493 Prémian
4%
Hérault 504 Puéchabon
4%
Aude 51 Quirbajou
4%
Aude 258 Raissac-d'Aude
4%
Aude 462 Raissac-sur-Lampy
4%
Hérault 2 302 Restinclières
4%
Hérault 82 Rieussec
4%
Hérault 721 Riols
4%
Aude 107 Rodome
4%
Gard 99 Rogues
4%
Gard 265 Roquedur
4%
Aude 291 Roquefeuil
4%
Hérault 212 Roqueredonde
4%
Aude 273 Roquetaillade-et-Conilhac
4%
Hérault 264 Rosis
4%
Aude 503 Roubia
4%
Hérault 2 260 Roujan
4%
Lozère 601 Saint-Bauzile
4%
Gard 1 742 Sainte-Anastasie
4%
Lozère 100 Sainte-Hélène
4%
Lozère 186 Saint-Flour-de-Mercoire
4%
Gard 792 Saint-Gervais
4%
Hérault 843 Saint-Gervais-sur-Mare
4%
Gard 1 994 Saint-Gervasy
4%
Hérault 2 378 Saint-Pargoire
4%
Aude 141 Saint-Polycarpe
4%
Lozère 60 Saint-Saturnin
4%
Hérault 276 Saint-Saturnin-de-Lucian
4%
Aude 41 Saint-Sernin
4%
Gard 3 648 Salindres
4%
Aude 378 Salsigne
4%
Hérault 429 Sauteyrargues
4%
Gard 2 029 Sauveterre
4%
Gard 802 Sauzet
4%
Gard 2 104 Saze
4%
Gard 1 794 Sernhac
4%
Hérault 746 Siran
4%
Gard 266 Soudorgues
4%
Gard 908 Souvignargues
4%
Hérault 2 824 Sussargues
4%
Gard 442 Thoiras
4%
Aude 255 Treilles
4%
Hérault 438 Usclas-d'Hérault
4%
Hérault 241 Usclas-du-Bosc
4%
Hérault 784 Valflaunès
4%
Gard 1 376 Vallabrègues
4%
Hérault 1 645 Valros
4%
Hérault 91 Verreries-de-Moussans
4%
Aude 489 Verzeille
4%
Gard 1 342 Vestric-et-Candiac
4%
Aude 56 Villardebelle
4%
Aude 1 212 Villasavary
4%
Aude 1 658 Villegailhenc
4%
Hérault 182 Villespassans
4%
Gard 1 841 Villevieille
4%
Gard 67 Vissec
4%
Hérault 1 818 Abeilhan
3%
Hérault 248 Agel
3%
Hérault 304 Agonès
3%
Gard 530 Aigaliers
3%
Hérault 288 Aigne
3%
Gard 213 Aiguèze
3%
Hérault 1 757 Alignan-du-Vent
3%
Gard 4 127 Aramon
3%
Hérault 107 Arboras
3%
Gard 140 Arphy
3%
Aude 75 Artigues
3%
Aude 1 211 Arzens
3%
Hérault 1 676 Aspiran
3%
Hérault 162 Assignan
3%
Gard 318 Aubussargues
3%
Gard 168 Aujac
3%
Gard 779 Aujargues
3%
Hérault 557 Aumelas
3%
Hérault 942 Autignac
3%
Hérault 355 Azillanet
3%
Hérault 305 Babeau-Bouldoux
3%
Aude 172 Baraigne
3%
Hérault 218 Beaufort
3%
Lozère 446 Bédouès-Cocurès
3%
Hérault 668 Bélarga
3%
Gard 238 Belvézet
3%
Aude 238 Belvianes-et-Cavirac
3%
Aude 46 Bessède-de-Sault
3%
Gard 1 000 Boucoiran-et-Nozières
3%
Gard 190 Bouquet
3%
Aude 184 Brézilhac
3%
Hérault 965 Brignac
3%
Hérault 599 Brissac
3%
Aude 287 Brugairolles
3%
Hérault 337 Cabrerolles
3%
Aude 313 Cambieure
3%
Hérault 50 Cambon-et-Salvergues
3%
Gard 145 Campestre-et-Luc
3%
Hérault 221 Camplong
3%
Aude 373 Camplong-d'Aude
3%
Aude 338 Carlipa
3%
Aude 93 Cazalrenoux
3%
Aude 615 Cépie
3%
Lozère 122 Chadenet
3%
Gard 260 Chambon
3%
Gard 887 Chamborigaud
3%
Lozère 926 Chastel-Nouvel
3%
Gard 720 Combas
3%
Hérault 322 Combes
3%
Gard 266 Concoules
3%
Aude 899 Conilhac-Corbières
3%
Hérault 1 663 Corneilhan
3%
Aude 52 Coudons
3%
Aude 571 Couffoulens
3%
Hérault 1 371 Creissan
3%
Aude 921 Cruscades
3%
Gard 650 Deaux
3%
Aude 46 Dernacueillette
3%
Gard 137 Dourbies
3%
Aude 477 Escales
3%
Hérault 1 162 Espondeilhan
3%
Gard 605 Estézargues
3%
Aude 859 Fanjeaux
3%
Hérault 554 Faugères
3%
Aude 523 Fendeille
3%
Aude 79 Fonters-du-Razès
3%
Aude 449 Fontiers-Cabardès
3%
Lozère 81 Fraissinet-de-Fourques
3%
Gard 159 Fressac
3%
Gard 1 065 Gaujac
3%
Aude 57 Generville
3%
Aude 303 Ginoles
3%
Hérault 110 Gorniès
3%
Aude 125 Gramazie
3%
Lozère 748 Grandrieu
3%
Aude 102 Granès
3%
Lozère 221 Hures-la-Parade
3%
Aude 31 Joucou
3%
Aude 1 278 Labastide-d'Anjou
3%
Aude 406 Labécède-Lauragais
3%
Hérault 1 038 La Boissière
3%
Aude 163 La Cassaigne
3%
Hérault 319 La Caunette
3%
Lozère 369 Lachamp-Ribennes
3%
Aude 46 La Courtète
3%
Lozère 140 La Fage-Montivernoux
3%
Hérault 110 Lagamas
3%
Aude 81 La Louvière-Lauragais
3%
Lozère 133 La Malène
3%
Aude 177 La Pomarède
3%
Aude 108 Laprade
3%
Aude 282 Lasserre-de-Prouille
3%
Aude 393 Laurabuc
3%
Aude 181 Laurac
3%
Aude 608 Lauraguel
3%
Hérault 1 774 Laurens
3%
Hérault 627 Lauret
3%
Hérault 195 La Vacquerie-et-Saint-Martin-de-Castries
3%
Lozère 221 Le Buisson
3%
Aude 28 Le Clat
3%
Gard 1 658 Lédenon
3%
Lozère 130 Le Rozier
3%
Aude 269 Les Brunels
3%
Aude 56 Les Ilhes
3%
Aude 302 Les Martys
3%
Lozère 329 Les Monts-Verts
3%
Gard 153 L'Estréchure
3%
Hérault 663 Le Triadou
3%
Hérault 1 411 Lieuran-lès-Béziers
3%
Aude 131 Limousis
3%
Gard 327 Liouc
3%
Gard 263 Logrian-Florian
3%
Hérault 670 Lunas
3%
Aude 365 Malviès
3%
Aude 82 Marquein
3%
Aude 148 Mazerolles-du-Razès
3%
Aude 26 Mazuby
3%
Gard 2 572 Meynes
3%
Aude 98 Mézerville
3%
Aude 46 Miraval-Cabardès
3%
Aude 752 Mirepeisset
3%
Lozère 218 Moissac-Vallée-Française
3%
Aude 245 Molandier
3%
Gard 1 388 Montaren-et-Saint-Médiers
3%
Lozère 137 Montbel
3%
Aude 175 Montclar
3%
Gard 181 Montclus
3%
Gard 662 Monteils
3%
Gard 563 Montignargues
3%
Aude 320 Montmaur
3%
Hérault 853 Moulès-et-Baucels
3%
Aude 1 003 Moussoulens
3%
Gard 2 107 Nages-et-Solorgues
3%
Aude 261 Nébias
3%
Hérault 1 023 Neffiès
3%
Gard 751 Ners
3%
Hérault 665 Nizas
3%
Aude 1 113 Ornaisons
3%
Aude 117 Orsans
3%
Aude 140 Padern
3%
Aude 32 Palairac
3%
Hérault 56 Pégairolles-de-Buèges
3%
Hérault 154 Pégairolles-de-l'Escalette
3%
Aude 1 087 Pépieux
3%
Hérault 1 100 Péret
3%
Aude 1 241 Pexiora
3%
Aude 466 Peyrens
3%
Aude 968 Pieusse
3%
Aude 117 Plaigne
3%
Hérault 1 545 Plaissan
3%
Aude 120 Plavilla
3%
Aude 920 Pomas
3%
Gard 56 Pommiers
3%
Aude 625 Preixan
3%
Lozère 263 Prévenchères
3%
Hérault 1 196 Puimisson
3%
Hérault 1 350 Puissalicon
3%
Aude 109 Ribouisse
3%
Aude 212 Rivel
3%
Lozère 235 Rocles
3%
Hérault 68 Rouet
3%
Aude 508 Roullens
3%
Gard 4 359 Rousson
3%
Gard 1 247 Saint-Alexandre
3%
Gard 389 Saint-Césaire-de-Gauzignan
3%
Gard 461 Saint-Dézéry
3%
Gard 1 085 Saint-Dionisy
3%
Aude 110 Saint-Ferriol
3%
Aude 116 Saint-Gaudéric
3%
Lozère 59 Saint-Juéry
3%
Aude 104 Saint-Julia-de-Bec
3%
Aude 866 Saint-Papoul
3%
Hérault 973 Saint-Sériès
3%
Gard 553 Salinelles
3%
Gard 813 Sanilhac-Sagriès
3%
Hérault 985 Saussines
3%
Aude 198 Serviès-en-Val
3%
Aude 133 Sonnac-sur-l'Hers
3%
Hérault 40 Sorbs
3%
Aude 124 Sougraigne
3%
Aude 359 Souilhanels
3%
Aude 333 Souilhe
3%
Aude 128 Soulatgé
3%
Aude 234 Soupex
3%
Gard 121 Soustelle
3%
Gard 2 031 Tavel
3%
Gard 947 Tornac
3%
Aude 106 Tréville
3%
Gard 141 Vabres
3%
Hérault 741 Vacquières
3%
Aude 286 Verdun-en-Lauragais
3%
Aude 105 Vignevieille
3%
Aude 970 Villalier
3%
Aude 257 Villarzel-Cabardès
3%
Aude 98 Villarzel-du-Razès
3%
Aude 64 Villautou
3%
Aude 554 Villedaigne
3%
Aude 1 196 Villegly
3%
Aude 381 Villesiscle
3%
Aude 408 Villespy
3%
Gard 773 Aigremont
1%
Aude 78 Albas
1%
Aude 119 Albières
1%
Gard 1 003 Allègre-les-Fumades
1%
Lozère 262 Allenc
1%
Lozère 329 Antrenas
1%
Gard 448 Argilliers
1%
Gard 268 Arre
1%
Gard 213 Arrigas
1%
Lozère 51 Arzenc-d'Apcher
1%
Lozère 187 Arzenc-de-Randon
1%
Gard 447 Aulas
1%
Gard 241 Aumessas
1%
Lozère 364 Auroux
1%
Lozère 990 Badaroux
1%
Gard 348 Baron
1%
Aude 61 Belcastel-et-Buc
1%
Hérault 219 Berlou
1%
Aude 950 Berriac
1%
Gard 1 228 Blauzac
1%
Gard 590 Boissières
1%
Gard 391 Bordezac
1%
Gard 168 Bragassargues
1%
Gard 1 315 Branoux-les-Taillades
1%
Gard 666 Bréau-Mars
1%
Hérault 56 Brenas
1%
Gard 676 Brouzet-lès-Alès
1%
Gard 300 Brouzet-lès-Quissac
1%
Hérault 368 Buzignargues
1%
Aude 251 Cailhau
1%
Aude 144 Cailhavel
1%
Hérault 724 Campagnan
1%
Hérault 120 Carlencas-et-Levas
1%
Gard 523 Carnas
1%
Aude 10 Caunette-sur-Lauquet
1%
Gard 26 Causse-Bégon
1%
Hérault 164 Caussiniojouls
1%
Hérault 628 Cazedarnes
1%
Hérault 274 Ceilhes-et-Rocozels
1%
Gard 1 626 Cendras
1%
Hérault 426 Cesseras
1%
Hérault 1 382 Ceyras
1%
Lozère 289 Chaudeyrac
1%
Lozère 63 Cheylard-l'Évêque
1%
Gard 1 064 Collias
1%
Gard 669 Collorgues
1%
Gard 214 Colognac
1%
Hérault 480 Colombières-sur-Orb
1%
Aude 312 Comigne
1%
Gard 1 720 Comps
1%
Gard 108 Conqueyrac
1%
Gard 149 Corbès
1%
Gard 922 Cornillon
1%
Hérault 365 Coulobres
1%
Aude 706 Cournanel
1%
Gard 282 Courry
1%
Gard 465 Crespian
1%
Lozère 47 Cubiérettes
1%
Lozère 193 Cultures
1%
Aude 41 Cumiès
1%
Gard 755 Domessargues
1%
Lozère 420 Esclanèdes
1%
Aude 124 Ferran
1%
Gard 352 Flaux
1%
Gard 444 Foissac
1%
Hérault 1 053 Fontès
1%
Lozère 369 Fournels
1%
Gard 1 064 Fournès
1%
Aude 51 Fournes-Cabardès
1%
Aude 79 Fourtou
1%
Hérault 249 Fouzilhon
1%
Hérault 188 Fozières
1%
Hérault 843 Gabian
1%
Lozère 161 Gabrias
1%
Gard 1 089 Gagnières
1%
Gard 727 Gajan
1%
Lozère 52 Gatuzières
1%
Hérault 574 Graissessac
1%
Aude 90 Greffeil
1%
Lozère 222 Grèzes
1%
Hérault 492 Guzargues
1%
Aude 129 Hounoux
1%
Hérault 266 Joncels
1%
Lozère 48 Julianges
1%
Gard 223 La Cadière-et-Cambo
1%
Aude 93 Lafage
1%
Lozère 116 Lajo
1%
Hérault 522 La Livinière
1%
Gard 138 Lamelouze
1%
Gard 635 La Rouvière
1%
Lozère 101 Laubert
1%
Hérault 202 Lauroux
1%
Gard 350 La Vernarède
1%
Lozère 153 Le Born
1%
Gard 234 Le Garn
1%
Gard 759 Le Martinet
1%
Gard 467 Le Pin
1%
Hérault 2 099 Le Pouget
1%
Hérault 608 Les Aires
1%
Lozère 425 Les Bessons
1%
Lozère 143 Les Bondons
1%
Lozère 151 Les Laubies
1%
Gard 2 095 Les Mages
1%
Lozère 98 Les Salces
1%
Lozère 166 Les Salelles
1%
Hérault 151 Liausson
1%
Aude 43 Lignairolles
1%
Gard 120 Malons-et-Elze
1%
Hérault 736 Margon
1%
Aude 19 Marsa
1%
Gard 437 Martignargues
1%
Gard 207 Massanes
1%
Hérault 52 Mérifons
1%
Gard 787 Meyrannes
1%
Aude 58 Missègre
1%
Lozère 97 Molezon
1%
Aude 38 Monthaut
1%
Aude 83 Montjardin
1%
Aude 35 Montjoi
1%
Lozère 1 180 Montrodat
1%
Lozère 1 236 Monts-de-Randon
1%
Aude 621 Montséret
1%
Hérault 170 Olmet-et-Villecun
1%
Gard 438 Orthoux-Sérignac-Quilhan
1%
Hérault 592 Pailhès
1%
Lozère 184 Palhers
1%
Gard 684 Parignargues
1%
Aude 87 Peyrolles
1%
Gard 33 Peyrolles
1%
Hérault 237 Pézènes-les-Mines
1%
Hérault 296 Pierrerue
1%
Hérault 535 Poilhes
1%
Gard 371 Ponteils-et-Brésis
1%
Hérault 355 Popian
1%
Gard 369 Potelières
1%
Gard 256 Pougnadoresse
1%
Hérault 181 Poujols
1%
Hérault 1 190 Pouzolles
1%
Lozère 255 Prinsuéjols-Malbouzon
1%
Hérault 638 Puilacher
1%
Gard 26 Revens
1%
Lozère 606 Rimeize
1%
Gard 837 Robiac-Rochessadoule
1%
Gard 250 Rochegude
1%
Hérault 21 Romiguières
1%
Hérault 102 Roquessels
1%
Lozère 123 Rousses
1%
Aude 509 Rustiques
1%
Gard 1 600 Sabran
1%
Gard 668 Saint-Bauzély
1%
Gard 287 Saint-Bénézet
1%
Gard 68 Saint-Bresson
1%
Aude 536 Sainte-Valière
1%
Hérault 265 Saint-Guiraud
1%
Gard 1 115 Saint-Siffret
1%
Gard 548 Saint-Théodorit
1%
Aude 20 Salza
1%
Hérault 1 018 Saturargues
1%
Gard 289 Saumane
1%
Gard 241 Sénéchas
1%
Gard 207 Servas
1%
Lozère 248 Serverette
1%
Gard 165 Seynes
1%
Hérault 459 Taussac-la-Billière
1%
Gard 52 Tharaux
1%
Gard 1 053 Théziers
1%
Hérault 1 829 Tourbes
1%
Aude 489 Tourouzelle
1%
Aude 130 Tourreilles
1%
Gard 1 803 Tresques
1%
Hérault 684 Tressan
1%
Hérault 145 Vailhan
1%
Gard 415 Vallabrix
1%
Gard 135 Vallérargues
1%
Hérault 48 Valmascle
1%
Lozère 219 Vebron
1%
Hérault 97 Vélieux
1%
Hérault 1 151 Vendémian
1%
Lozère 260 Ventalon en Cévennes
1%
Gard 597 Verfeuil
1%
Aude 500 Villardonnel
1%
Hérault 67 Villeneuvette
1%
Aude 170 Airoux
0%
Aude 201 Ajac
0%
Aude 337 Alaigne
0%
Lozère 151 Albaret-le-Comtal
0%
Lozère 554 Albaret-Sainte-Marie
0%
Lozère 217 Altier
0%
Aude 270 Antugnac
0%
Gard 542 Aspères
0%
Aude 745 Badens
0%
Lozère 66 Bassurels
0%
Lozère 261 Blavignac
0%
Aude 235 Blomac
0%
Gard 80 Bonnevaux
0%
Aude 221 Bouilhonnac
0%
Aude 144 Bouriège
0%
Aude 55 Bourigeole
0%
Lozère 83 Brion
0%
Gard 472 Canaules-et-Argentières
0%
Gard 910 Cardet
0%
Gard 780 Carsan
0%
Aude 59 Cassaignes
0%
Aude 206 Castelreng
0%
Aude 215 Caudebronde
0%
Aude 56 Caunettes-en-Val
0%
Gard 846 Cavillargues
0%
Lozère 78 Chastanier
0%
Lozère 84 Chauchailles
0%
Lozère 62 Chaulhac
0%
Gard 604 Codolet
0%
Gard 1 698 Connaux
0%
Aude 77 Courtauly
0%
Aude 52 Coustaussa
0%
Gard 708 Cruviers-Lascours
0%
Gard 956 Domazan
0%
Aude 111 Donazac
0%
Aude 45 Fajac-en-Val
0%
Aude 50 Fajac-la-Relenque
0%
Aude 412 Floure
0%
Lozère 235 Fontans
0%
Gard 250 Fontarèches
0%
Aude 523 Fontiès-d'Aude
0%
Lozère 100 Gabriac
0%
Gard 275 Gailhan
0%
Aude 35 Galinagues
0%
Aude 127 Gardie
0%
Aude 46 Gincla
0%
Aude 77 Gourvieille
0%
Lozère 62 Grandvals
0%
Gard 313 Issirac
0%
Aude 47 La Bezole
0%
Gard 329 La Bruguière
0%
Aude 175 Lacombe
0%
Aude 268 Ladern-sur-Lauquet
0%
Aude 54 Lairière
0%
Aude 60 Lanet
0%
Lozère 77 La Panouse
0%
Lozère 95 La Tieule
0%
Aude 24 La Tourette-Cabardès
0%
Gard 456 Lecques
0%
Lozère 99 Les Hermaux
0%
Gard 920 Lirac
0%
Aude 537 Magrie
0%
Aude 577 Mailhac
0%
Aude 426 Malras
0%
Aude 863 Malves-en-Minervois
0%
Gard 171 Mauressargues
0%
Aude 84 Mayreville
0%
Aude 40 Mayronnes
0%
Aude 141 Molleville
0%
Aude 556 Montazels
0%
Gard 1 517 Montfaucon
0%
Aude 45 Montgradail
0%
Aude 69 Montirat
0%
Gard 487 Montmirat
0%
Gard 1 394 Montpezat
0%
Gard 648 Moulézan
0%
Lozère 94 Noalhac
0%
Lozère 97 Paulhac-en-Margeride
0%
Aude 374 Pauligne
0%
Gard 275 Peyremale
0%
Lozère 186 Pied-de-Borne
0%
Lozère 162 Pierrefiche
0%
Aude 56 Pomy
0%
Lozère 126 Pourcharesses
0%
Gard 744 Pouzilhac
0%
Lozère 229 Prunières
0%
Gard 47 Puechredon
0%
Aude 155 Puginier
0%
Gard 3 908 Pujaut
0%
Lozère 166 Recoules-d'Aubrac
0%
Lozère 101 Recoules-de-Fumas
0%
Aude 310 Ricaud
0%
Aude 131 Roquecourbe-Minervois
0%
Aude 77 Roquefère
0%
Aude 238 Routier
0%
Aude 381 Saint-Couat-d'Aude
0%
Aude 40 Saint-Couat-du-Razès
0%
Aude 118 Sainte-Camelle
0%
Lozère 60 Saint-Frézal-d'Albuges
0%
Aude 236 Saint-Frichoux
0%
Gard 794 Saint-Maximin
0%
Gard 202 Salazac
0%
Aude 69 Salvezines
0%
Gard 352 Sardan
0%
Gard 239 Savignargues
0%
Aude 29 Seignalens
0%
Gard 629 Serviers-et-Labaume
0%
Aude 110 Taurize
0%
Aude 15 Terroles
0%
Aude 28 Trassanel
0%
Aude 598 Trausse
0%
Lozère 90 Trélans
0%
Aude 105 Tréziers
0%
Aude 167 Val de Lambronne
0%
Gard 632 Valliguières
0%
Aude 24 Valmigère
0%
Gard 1 264 Vénéjan
0%
Aude 32 Véraza
0%
Aude 137 Villanière
0%
Aude 139 Villebazy
0%
Aude 345 Villedubert
0%
Aude 156 Villefloure
0%
Aude 34 Villetritouls
0%
Aucun quiz correspondant
Distribution des résultats
% des personnes avec chaque résultat
Percentile par nombre de réponses
Votre historique - résultats
Vous n’avez pas pris ce quiz